El personalismo

Guardado en:
Detalles Bibliográficos
Autor principal: Mounier, Emmanuel (autor)
Formato: Libro
Lenguaje:español
Publicado: Buenos Aires EUDEBA 1974
Edición:10a. ed
Materias:
Etiquetas: Agregar Etiqueta
Sin Etiquetas, Sea el primero en etiquetar este registro!

MARC

LEADER 00000nam a2200000 a 4500
001 UCH7907
003 CL-VaPUC
008 091127e19740000AG |||||||||||||||||spa|d
082 0 4 |a 141.5  |b MOU  |2 21 
100 |a Mounier, Emmanuel  |e autor  |9 310089 
245 1 3 |a El personalismo 
250 |a 10a. ed 
300 |a 67 p 
942 |c BK 
945 |d 20091127 00:00:00  |a lazolas 
260 |a Buenos Aires  |b EUDEBA  |c 1974 
650 0 |a Personalismo  |9 308807 
650 0 |a Escuelas filosóficas   |9 266232 
583 |a last modification  |c 20091127 00:00:00  |k Rodrigo Vera 
999 |c 338216  |d 338214